000
00282nam a22001217a 4500
008
171017b xxu||||| |||| 00| 0 eng d
041
_a
eng
080
_a
331.101.262
100
_a
52
101
_a
bnj
245
_a
DEVELOPING THE GLOBAL ORGANIZATION
_c
MORAN, R.T
942
_2
udc
_c
BK
999
_c
34358
_d
34358